Historic churches : the conservation and repair of ecclesiastical buildings. (Record no. 101032)

MARC details
000 -LEADER
fixed length control field 01903cam a2200505 4500
008 - FIXED-LENGTH DATA ELEMENTS--GENERAL INFORMATION
fixed length control field 000000n2000 000 0 eng u
020 ## - INTERNATIONAL STANDARD BOOK NUMBER
International Standard Book Number 1900915138
035 ## - SYSTEM CONTROL NUMBER
System control number (Sirsi) u109967
050 ## - LIBRARY OF CONGRESS CALL NUMBER
Classification number 690.241
245 ## - TITLE STATEMENT
Title Historic churches : the conservation and repair of ecclesiastical buildings.
250 ## - EDITION STATEMENT
Edition statement 7th ed.
260 ## - PUBLICATION, DISTRIBUTION, ETC.
Place of publication, distribution, etc. Tisbury
Name of publisher, distributor, etc. Cathedral Communications Limited
Date of publication, distribution, etc. 2000
300 ## - PHYSICAL DESCRIPTION
Extent 64p.
Other physical details ill.
Dimensions 30cm.
350 ## - PRICE (NR) (BK AM CF MU VM SE) [OBSOLETE]
Price 5.95
490 ## - SERIES STATEMENT
Series statement Building Conservation Directory Special Report
Volume/sequential designation 1
505 ## - FORMATTED CONTENTS NOTE
Formatted contents note Sundials
505 ## - FORMATTED CONTENTS NOTE
Formatted contents note Glass painting techniques in an historical context
505 ## - FORMATTED CONTENTS NOTE
Formatted contents note The search for stone
505 ## - FORMATTED CONTENTS NOTE
Formatted contents note Nuts and bolts : an introduction to conservation and repairs
505 ## - FORMATTED CONTENTS NOTE
Formatted contents note The non-destructive assessment of timber decay
505 ## - FORMATTED CONTENTS NOTE
Formatted contents note Thermographic surveying
505 ## - FORMATTED CONTENTS NOTE
Formatted contents note A typical English churchyard? The archaeology of burial sites
505 ## - FORMATTED CONTENTS NOTE
Formatted contents note Theft and recovery of church property : the art loss register
505 ## - FORMATTED CONTENTS NOTE
Formatted contents note Let there be light
505 ## - FORMATTED CONTENTS NOTE
Formatted contents note Lime : the basics
505 ## - FORMATTED CONTENTS NOTE
Formatted contents note Funding conservation : the work of the Scottish Churches Architectural Heritage Trust and others
505 ## - FORMATTED CONTENTS NOTE
Formatted contents note Decoration of the new organ in the chapel of St Mary Undercroft, Palace of Westminster
520 ## - SUMMARY, ETC.
Summary, etc. An annual looking at issues surrounding the conservation and repair of churches which includes a directory of useful orgnaisations, products and services.
650 ## - SUBJECT ADDED ENTRY--TOPICAL TERM
Topical term or geographic name entry element ORGANS
650 ## - SUBJECT ADDED ENTRY--TOPICAL TERM
Topical term or geographic name entry element CHURCHYARDS
690 ## - LOCAL SUBJECT ADDED ENTRY--TOPICAL TERM (OCLC, RLIN)
Topical term or geographic name as entry element CONSERVATION
700 ## - ADDED ENTRY--PERSONAL NAME
Personal name Taylor, Jonathan
International Standard Serial Number Editor
700 ## - ADDED ENTRY--PERSONAL NAME
Personal name Daniel, Christopher
700 ## - ADDED ENTRY--PERSONAL NAME
Personal name Anderson, Petri
700 ## - ADDED ENTRY--PERSONAL NAME
Personal name Lott, Graham
700 ## - ADDED ENTRY--PERSONAL NAME
Personal name Singh, Jagjit
700 ## - ADDED ENTRY--PERSONAL NAME
Personal name Demaus, Robert
700 ## - ADDED ENTRY--PERSONAL NAME
Personal name Soden, Iain
700 ## - ADDED ENTRY--PERSONAL NAME
Personal name Stewart, Rosalind
700 ## - ADDED ENTRY--PERSONAL NAME
Personal name Gardner, Roger
700 ## - ADDED ENTRY--PERSONAL NAME
Personal name Richardson, Shirley
700 ## - ADDED ENTRY--PERSONAL NAME
Personal name Howell, Kevin
700 ## - ADDED ENTRY--PERSONAL NAME
Personal name Bucknall, John
942 ## - ADDED ENTRY ELEMENTS (KOHA)
Suppress in OPAC 0
Holdings
Withdrawn status Lost status Source of classification or shelving scheme Damaged status Not for loan Home library Current library Shelving location Date acquired Cost, normal purchase price Total Checkouts Full call number Barcode Date last seen Date last checked out Copy number Cost, replacement price Price effective from Koha item type
    Dewey Decimal Classification     London London Folio 14/12/2000 5.95 6 F690.241 TAY 30062911 06/08/2019 16/04/2008 1 5.95 06/08/2019 Book